000 00295nam a22001337a 4500
008 180914b xxu||||| |||| 00| 0 eng d
020 _a9780840054449
041 _aeng
080 _28 ED
_a541
100 _a12
101 _aKIM
245 _aOrganic Chemistry
_cMury.j.M
942 _2udc
_cBK
999 _c47758
_d47758